Oral litrature:A senior course form 3 and 4 (Record no. 9391)
[ view plain ]
| 000 -LEADER | |
|---|---|
| fixed length control field | 00366nam a2200133Ia 4500 |
| 008 - FIXED-LENGTH DATA ELEMENTS--GENERAL INFORMATION | |
| fixed length control field | 230107s9999||||xx |||||||||||||| ||und|| |
| 020 ## - INTERNATIONAL STANDARD BOOK NUMBER | |
| International Standard Book Number | 9966494332 |
| 040 ## - CATALOGING SOURCE | |
| Transcribing agency | Chuka University Library |
| 050 ## - LIBRARY OF CONGRESS CALL NUMBER | |
| Classification number | AFR PN 4145 |
| Item number | B8 1997 |
| 100 ## - MAIN ENTRY--PERSONAL NAME | |
| Personal name | Bukenya Austin |
| 245 #0 - TITLE STATEMENT | |
| Title | Oral litrature:A senior course form 3 and 4 |
| 260 ## - PUBLICATION, DISTRIBUTION, ETC. | |
| Place of publication, distribution, etc. | Longhorn |
| Name of publisher, distributor, etc. | Nairobi |
| Date of publication, distribution, etc. | 1997 |
| 942 ## - ADDED ENTRY ELEMENTS (KOHA) | |
| Koha item type | Long Loan Books |
| Koha issues (borrowed), all copies | 1 |
| Withdrawn status | Lost status | Damaged status | Not for loan | Collection | Home library | Current library | Shelving location | Date acquired | Total Checkouts | Full call number | Barcode | Date last seen | Date last checked out | Price effective from | Koha item type |
|---|---|---|---|---|---|---|---|---|---|---|---|---|---|---|---|
| General Collection Books | Main Campus Library | Main Campus Library | General Stacks | 07/01/2023 | 1 | AFR PN 4145 .B8 1997 | 1682/2007 | 18/11/2025 | 04/11/2025 | 07/01/2023 | Long Loan Books |
